000 00334 a2200109 4500
001 ART_5590
005 20260410161616.0
008 260409a
245 1 0 _aEs contrario a la República el desdén hacia la cuenta de inversión
100 1 _aAtchabahian, Adolfo
773 0 _tEnfoques
_g- Nº 2 (feb. 2006)
_wREV416
999 _c11128
_d11128